• 首页
  • 本馆介绍
  • 公告通知
  • 最新文献
  • 馆藏检索
  • 电子资源
  • 读者导购
  • 参考咨询
  • 我的图书馆
  • 登录
  • 详细信息显示
  • 放入我的书架
  • 预约/预借图书
  • 作者相关作品
  • 分类相关作品
  • 丛书相关作品
  • 出版社相关作品

书目信息

  • 表格格式
  • 工作单格式
  • 卡片格式
题名:
欧美音乐剧演唱训练教程
    
 
作者: 李涛 编著
分册: 上   女生卷
出版信息: 上海   上海音乐出版社  2014.05
页数: 193页
开本: 31cm
丛书名:
单 册:
中图分类: J616.2 , J832
科图分类:
主题词: 音乐剧--演唱--西方国家--高等学校--教材 , 女声--音乐剧--演唱--西方国家--高等学校--教材 , 音乐剧 , 演唱 , 女声
电子资源:
ISBN: 978-7-5523-0518-0
000 01297nam0 2200349 450
001 0120141334413
005 20170418142933.82
010    @a978-7-5523-0518-0@dCNY54.00,CNY108.00(全2册 含光盘)
100    @a20140703d2014 em y0chiy0110 ea
101 0  @achi@aeng
102    @aCN@b310000
105    @ag z 000yy
106    @ar
200 1  @a欧美音乐剧演唱训练教程@9ou mei yin yue ju yan chang xun lian jiao cheng@e教学版@i女生卷@h上@f李涛编著
210    @a上海@c上海音乐出版社@d2014.05
215    @a193页@d31cm@e2光盘
300    @a2012年度上海高校市级精品课程(上海音乐学院)
306    @a与上海文艺音像电子出版社合作出版
307    @a附光盘:ISBN 987-7-88880-848-5
312    @a封面英文共同题名:Western musical singing training
330    @a本书包含不同音乐风格的女声音乐剧选段40首,曲目顺序遵循声乐训练的内在规律进行排列,开始于中低音区的自然真声,逐步上升到中音区的真假声混合的过渡音区,最后到中高音及高音区的混合声区。
333    @a音乐剧演员
606 0  @a音乐剧@x演唱@x西方国家@x高等学校@j教材
606 0  @a女声@x音乐剧@x演唱@x西方国家@x高等学校@j教材
606 0  @a音乐剧
606 0  @a演唱
606 0  @a女声
690    @aJ616.2@v5
690    @aJ832@v5
701  0 @a李涛@9li tao@4编著
801  0 @aCN@b人天书店@c20140703
905    @b985273-75@dJ616.2@e764:1@f3
    
    欧美音乐剧演唱训练教程:教学版.女生卷.上/李涛编著.-上海:上海音乐出版社,2014.05
    193页;31cm+2光盘
    2012年度上海高校市级精品课程(上海音乐学院).-使用对象:音乐剧演员
    
    ISBN 978-7-5523-0518-0:CNY54.00,CNY108.00(全2册 含光盘)
    本书包含不同音乐风格的女声音乐剧选段40首,曲目顺序遵循声乐训练的内在规律进行排列,开始于中低音区的自然真声,逐步上升到中音区的真假声混合的过渡音区,最后到中高音及高音区的混合声区。
●
相关链接 在E读中查询图书 在五车中查询图书 在当当中查询图书 在豆瓣中查询图书


正题名:欧美音乐剧演唱训练教程     索取号:J616.2/764:1         预约/预借

序号 登录号 条形码 馆藏地/架位号 状态 备注
1 985273   209852738   第一样本阅览室/ [索取号:J616.2/764:1] 在馆    
2 985274   209852747   第一借阅区/ [索取号:J616.2/764:1] 在馆    
3 985275   209852756   第一借阅区/ [索取号:J616.2/764:1] 在馆    
唐山师范学院图书馆 欢迎您!
大连网信软件有限公司© 版权所有